000 00576nam a22001817a 4500
005 20151103112027.0
010 _aENG-113651
020 _a9788189430504
_c350.00
035 _aEN-97183
037 _bDBAD/PUB
082 _a181.4
245 _aConversations with Yogananda /
_crecorded, with reflections, by his disciple Swami Kriyananda (J. Donald Walters)
260 _aGurgaon
_bAnanda Sangha Publications
_c2003
270 _bGurgaon
_aB-10/8, DLF Phase- I
300 _a450p.
_c25cm(pbk)
500 _aIncludes index
942 _2ddc
_cEN
_mCON
_h181.4
999 _c95203
_d95203